000 00507nam a2200181Ia 4500
001 22561
005 20260414150839.0
008 260414t2010||||xx |||||||||||||| ||spa||
041 _aESP
082 _a621.382
_bN519
100 _aNayak, Amiya
_eAUT
245 0 _aWireless sensor and actuator networks :
_balgorithms and protocols for scalable coordination and data communication
260 _c2010
300 _a300 páginas :
_c24 cm.
650 _aTCA
654 _aCET
942 _cLIB
_dJUS
_fJUS
_2ddc
_n
999 _c22561
_d22561